00680nam a2200193Ia 4500999001700000082001200017100002600029245005300055260003600108300002700144504002600171650004200197650004300239650003800282650003800320710001700358942001200375952009900387 c14630d14630 aTR.0125 aReddy, Kaipa Narayana 0aGrowth of public expenditure in India: 1872-1966 c1968bM.S. University of Baroda axvii, 410p. + C D - 53 aincludes bibliography aIndiavEconomic conditionsz1872-1966 aIndiavExpenditures, Publicz1872-1966 aFinance, PublicvIndiaz1872-1966 aNational incomezIndiaz1872-1966 aGulati, I.S. cTH2ddc 00104070aNASSDOCbNASSDOCd2004-10-08l0oTR.0125p868r2019-04-18 00:00:00w2019-04-18yTH